| 000 | 01177cam a2200313 a 4500 | ||
|---|---|---|---|
| 999 |
_c6742 _d6742 |
||
| 001 | 15040395 | ||
| 003 | OSt | ||
| 005 | 20190119160721.0 | ||
| 008 | 071011s2008 nyua 001 0 eng | ||
| 010 | _a 2007042186 | ||
| 020 | _a9781600591969 (pbtrade pbk. : alk. paper) | ||
| 020 | _a1600591965 (pbtrade pbk. : alk. paper) | ||
| 040 |
_aDLC _cDLC _dDLC |
||
| 050 | 0 | 0 |
_aTR267 _b.M3755 2008 |
| 082 | 0 | 0 |
_a775 _222 _bM478c |
| 100 | 1 |
_aMcCollough, Ferrell, _d1958- |
|
| 245 | 1 | 0 |
_aComplete guide to high dynamic range digital photography / _cFerrell McCollough. |
| 250 | _a1st ed. | ||
| 260 |
_aNew York : _bLark Books, _cc2008. |
||
| 300 |
_a176 p. : _bcol. ill. ; _c28 cm. |
||
| 500 | _aIncludes index. | ||
| 650 | 0 |
_aPhotography _xDigital techniques. |
|
| 650 | 0 | _aHigh dynamic range imaging. | |
| 856 | 4 | 1 |
_3Table of contents only _uhttp://www.loc.gov/catdir/toc/ecip082/2007042186.html |
| 856 | 4 | 2 |
_3Publisher description _uhttp://www.loc.gov/catdir/enhancements/fy0805/2007042186-d.html |
| 906 |
_a7 _bcbc _corignew _d1 _eecip _f20 _gy-gencatlg |
||
| 942 |
_2ddc _cBK |
||